000
00331nam a2200145Ia 4500
008
150201s1994 xx 000 0 und d
082
_a
615.8
_b
P94W
100
_a
WALL , PATRIC D.
245
_a
TB. OF PAIN
250
_a
3RD
260
_b
CHURCHILL
_a
INDIA
_c
1994
300
_a
1-1524
650
_a
PHYSIOTHERAPY
942
_2
ddc
_c
BK
999
_c
1531
_d
1531